000 00573nam a2200193Ia 4500
003 LDD
008 181029s9999 xx 000 0 und d
020 _a067005870X
_c450.00
040 _cLDD
100 _aFernandes, Edna
245 0 _aHoly Warriors
_ba journey into the heart of Indian fundamentalism
_cEdna Fernandes
260 _aNew Delhi
_bPenguin
_c2006
300 _axxiii, 316
365 _b450.00
901 _a3479
_b13-11-2006
902 _a0815
_b28-11-2006
_cF
_dAAKAR
_e32
903 _aDiscount-10
_bReqst by : Gopal, D. (Dr.)
942 _2ddc
_cBK
999 _c76806
_d76806